<?xml version="1.0" encoding="UTF-8"?>
<record
    xmlns:xsi="http://www.w3.org/2001/XMLSchema-instance"
    xsi:schemaLocation="http://www.loc.gov/MARC21/slim http://www.loc.gov/standards/marcxml/schema/MARC21slim.xsd"
    xmlns="http://www.loc.gov/MARC21/slim">

  <leader>03190nam0a2200397   4500</leader>
  <controlfield tag="001">RU\NLR\bibl\1387269</controlfield>
  <controlfield tag="005">20250615195455.0</controlfield>
  <datafield tag="010" ind1=" " ind2=" ">
    <subfield code="a">978-5-17-057963-1</subfield>
    <subfield code="b">&#x410;&#x421;&#x422;</subfield>
  </datafield>
  <datafield tag="010" ind1=" " ind2=" ">
    <subfield code="a">978-5-9725-1381-9</subfield>
    <subfield code="b">&#x410;&#x441;&#x442;&#x440;&#x435;&#x43B;&#x44C;-&#x421;&#x41F;&#x431;</subfield>
    <subfield code="9">4000</subfield>
  </datafield>
  <datafield tag="021" ind1=" " ind2=" ">
    <subfield code="a">RU</subfield>
    <subfield code="b">2009-34882</subfield>
    <subfield code="9">2103</subfield>
  </datafield>
  <datafield tag="035" ind1=" " ind2=" ">
    <subfield code="a">(nilc)IZD\AST\2007\899273</subfield>
  </datafield>
  <datafield tag="035" ind1=" " ind2=" ">
    <subfield code="a">(NLR Aleph) 001379329</subfield>
  </datafield>
  <datafield tag="090" ind1=" " ind2=" ">
    <subfield code="a">1091903</subfield>
    <subfield code="c">1091903</subfield>
  </datafield>
  <datafield tag="100" ind1=" " ind2=" ">
    <subfield code="a">20090423d2009    |||y0rusy50      ca</subfield>
  </datafield>
  <datafield tag="101" ind1="1" ind2=" ">
    <subfield code="a">rus</subfield>
    <subfield code="c">eng</subfield>
  </datafield>
  <datafield tag="102" ind1=" " ind2=" ">
    <subfield code="a">RU</subfield>
  </datafield>
  <datafield tag="105" ind1=" " ind2=" ">
    <subfield code="a">a   z   |||||</subfield>
  </datafield>
  <datafield tag="200" ind1="1" ind2=" ">
    <subfield code="a">&#x417;&#x430;&#x43A;&#x43B;&#x44F;&#x442;&#x438;&#x435; &#x44D;&#x43B;&#x44C;&#x444;&#x43E;&#x432;</subfield>
    <subfield code="i">&#x41D;&#x438;&#x436;&#x43D;&#x44F;&#x44F; &#x434;&#x43E;&#x440;&#x43E;&#x433;&#x430;</subfield>
    <subfield code="f">&#x414;&#x430;&#x43D;&#x438;&#x44D;&#x43B;&#x44C; &#x41A;&#x438;&#x440;&#x43A;</subfield>
    <subfield code="g">[&#x43F;&#x435;&#x440;. &#x42E;&#x43B;&#x438;&#x438; &#x41A;&#x440;&#x443;&#x441;&#x430;&#x43D;&#x43E;&#x432;&#x43E;&#x439;]</subfield>
  </datafield>
  <datafield tag="210" ind1=" " ind2=" ">
    <subfield code="a">&#x41C;&#x43E;&#x441;&#x43A;&#x432;&#x430;</subfield>
    <subfield code="c">&#x410;&#x421;&#x422;</subfield>
    <subfield code="a">&#x421;&#x430;&#x43D;&#x43A;&#x442;-&#x41F;&#x435;&#x442;&#x435;&#x440;&#x431;&#x443;&#x440;&#x433;</subfield>
    <subfield code="c">Arabesque Books</subfield>
    <subfield code="c">&#x410;&#x441;&#x442;&#x440;&#x435;&#x43B;&#x44C;-&#x421;&#x41F;&#x431;</subfield>
    <subfield code="d">2009</subfield>
  </datafield>
  <datafield tag="215" ind1=" " ind2=" ">
    <subfield code="a">508, [1] &#x441;.</subfield>
    <subfield code="c">&#x438;&#x43B;.</subfield>
    <subfield code="d">21</subfield>
  </datafield>
  <datafield tag="311" ind1=" " ind2=" ">
    <subfield code="a">&#x417;&#x430;&#x43A;&#x43B;&#x44F;&#x442;&#x438;&#x435; &#x44D;&#x43B;&#x44C;&#x444;&#x43E;&#x432;: &#x41D;&#x438;&#x436;&#x43D;&#x44F;&#x44F; &#x434;&#x43E;&#x440;&#x43E;&#x433;&#x430; - 1-&#x439; &#x442;&#x43E;&#x43C; &#x442;&#x440;&#x438;&#x43B;&#x43E;&#x433;&#x438;&#x438;</subfield>
  </datafield>
  <datafield tag="330" ind1=" " ind2=" ">
    <subfield code="a">&#x412;&#x435;&#x440;&#x445;&#x43D;&#x44F;&#x44F; &#x434;&#x43E;&#x440;&#x43E;&#x433;&#x430; - &#x434;&#x43E;&#x440;&#x43E;&#x433;&#x430; &#x436;&#x438;&#x432;&#x44B;&#x445;, &#x438; &#x438;&#x434;&#x442;&#x438; &#x43F;&#x43E; &#x43D;&#x435;&#x439; &#x43D;&#x443;&#x436;&#x43D;&#x43E; &#x434;&#x43E;&#x43B;&#x433;&#x43E;-&#x434;&#x43E;&#x43B;&#x433;&#x43E;... &#x41D;&#x438;&#x436;&#x43D;&#x44F;&#x44F; - &#x434;&#x43E;&#x440;&#x43E;&#x433;&#x430; &#x43C;&#x435;&#x440;&#x442;&#x432;&#x44B;&#x445;, &#x44D;&#x43B;&#x44C;&#x444;&#x43E;&#x432;, &#x442;&#x440;&#x43E;&#x43B;&#x43B;&#x435;&#x439;, &#x433;&#x43E;&#x431;&#x43B;&#x438;&#x43D;&#x43E;&#x432; &#x438; &#x444;&#x435;&#x439;. &#x42D;&#x442;&#x43E; - &#x43A;&#x43E;&#x440;&#x43E;&#x442;&#x43A;&#x438;&#x439; &#x43F;&#x443;&#x442;&#x44C;, &#x43F;&#x43E; &#x43D;&#x435;&#x43C;&#x443; &#x43C;&#x43E;&#x436;&#x43D;&#x43E; &#x434;&#x43E;&#x431;&#x440;&#x430;&#x442;&#x44C;&#x441;&#x44F; &#x434;&#x43E; &#x43D;&#x443;&#x436;&#x43D;&#x43E;&#x433;&#x43E; &#x43C;&#x435;&#x441;&#x442;&#x430; &#x437;&#x430; &#x43E;&#x434;&#x43D;&#x43E; &#x43C;&#x433;&#x43D;&#x43E;&#x432;&#x435;&#x43D;&#x438;&#x435;. &#x412;&#x43E;&#x442; &#x442;&#x43E;&#x43B;&#x44C;&#x43A;&#x43E; &#x434;&#x43E;&#x440;&#x43E;&#x433;&#x430; &#x440;&#x430;&#x437;&#x440;&#x443;&#x448;&#x430;&#x435;&#x442;&#x441;&#x44F;, &#x430; &#x432;&#x43C;&#x435;&#x441;&#x442;&#x435; &#x441; &#x43D;&#x435;&#x439; &#x438;&#x441;&#x447;&#x435;&#x437;&#x430;&#x44E;&#x442; &#x445;&#x440;&#x443;&#x43F;&#x43A;&#x438;&#x435; &#x431;&#x430;&#x440;&#x44C;&#x435;&#x440;&#x44B; &#x43C;&#x435;&#x436;&#x434;&#x443; &#x432;&#x435;&#x440;&#x445;&#x43D;&#x438;&#x43C; &#x438; &#x43D;&#x438;&#x436;&#x43D;&#x438;&#x43C; &#x43C;&#x438;&#x440;&#x430;&#x43C;&#x438;. &#x415;&#x441;&#x43B;&#x438; &#x43D;&#x435; &#x432;&#x43C;&#x435;&#x448;&#x430;&#x442;&#x44C;&#x441;&#x44F;, &#x43D;&#x438;&#x447;&#x442;&#x43E; &#x43D;&#x435; &#x441;&#x43C;&#x43E;&#x436;&#x435;&#x442; &#x437;&#x430;&#x449;&#x438;&#x442;&#x438;&#x442;&#x44C; &#x43B;&#x44E;&#x434;&#x435;&#x439; &#x43E;&#x442; &#x432;&#x442;&#x43E;&#x440;&#x436;&#x435;&#x43D;&#x438;&#x44F; &#x432;&#x43E;&#x438;&#x43D;&#x441;&#x442;&#x432;&#x435;&#x43D;&#x43D;&#x43E;&#x439; &#x430;&#x440;&#x43C;&#x438;&#x438; &#x44D;&#x43B;&#x44C;&#x444;&#x438;&#x439;&#x441;&#x43A;&#x43E;&#x433;&#x43E; &#x43F;&#x440;&#x438;&#x43D;&#x446;&#x430; &#x41C;&#x430;&#x43A;&#x442;&#x44B;... &#x41E;&#x434;&#x43D;&#x430;&#x43A;&#x43E; &#x432; &#x441;&#x442;&#x440;&#x430;&#x43D;&#x435; &#x44D;&#x43B;&#x44C;&#x444;&#x43E;&#x432; &#x435;&#x441;&#x442;&#x44C; &#x438; &#x43C;&#x438;&#x440;&#x43D;&#x44B;&#x435;, &#x434;&#x43E;&#x431;&#x440;&#x44B;&#x435;, &#x43E;&#x442;&#x432;&#x430;&#x436;&#x43D;&#x44B;&#x435; &#x436;&#x438;&#x442;&#x435;&#x43B;&#x438;, &#x433;&#x43E;&#x442;&#x43E;&#x432;&#x44B;&#x435; &#x43F;&#x43E;&#x436;&#x435;&#x440;&#x442;&#x432;&#x43E;&#x432;&#x430;&#x442;&#x44C; &#x441;&#x43E;&#x431;&#x43E;&#x439; &#x440;&#x430;&#x434;&#x438; &#x441;&#x43F;&#x430;&#x441;&#x435;&#x43D;&#x438;&#x44F; &#x447;&#x435;&#x43B;&#x43E;&#x432;&#x435;&#x447;&#x435;&#x441;&#x43A;&#x438;&#x445; &#x433;&#x43E;&#x440;&#x43E;&#x434;&#x43E;&#x432; &#x438; &#x432;&#x43E;&#x43B;&#x448;&#x435;&#x431;&#x43D;&#x43E;&#x433;&#x43E; &#x43A;&#x43E;&#x440;&#x43E;&#x43B;&#x435;&#x432;&#x441;&#x442;&#x432;&#x430; &#x43E;&#x442; &#x43A;&#x43E;&#x432;&#x430;&#x440;&#x43D;&#x43E;&#x433;&#x43E; &#x43F;&#x440;&#x438;&#x43D;&#x446;&#x430;. &#x41D;&#x43E; &#x443;&#x434;&#x430;&#x441;&#x442;&#x441;&#x44F; &#x43B;&#x438; &#x438;&#x43C; &#x432;&#x43E;&#x441;&#x441;&#x442;&#x430;&#x43D;&#x43E;&#x432;&#x438;&#x442;&#x44C; &#x440;&#x430;&#x432;&#x43D;&#x43E;&#x432;&#x435;&#x441;&#x438;&#x435; &#x43C;&#x435;&#x436;&#x434;&#x443; &#x43C;&#x438;&#x440;&#x430;&#x43C;&#x438;? &#x427;&#x435;&#x442;&#x44B;&#x440;&#x43D;&#x430;&#x434;&#x446;&#x430;&#x442;&#x438;&#x43B;&#x435;&#x442;&#x43D;&#x438;&#x439; &#x41C;&#x44D;&#x442;&#x442;, &#x441;&#x43B;&#x443;&#x447;&#x430;&#x439;&#x43D;&#x43E; &#x43F;&#x43E;&#x43F;&#x430;&#x432;&#x448;&#x438;&#x439; &#x43A; &#x44D;&#x43B;&#x44C;&#x444;&#x430;&#x43C; &#x432; &#x441;&#x430;&#x43C;&#x44B;&#x439; &#x440;&#x430;&#x437;&#x433;&#x430;&#x440; &#x438;&#x445; "&#x440;&#x430;&#x437;&#x431;&#x43E;&#x440;&#x43E;&#x43A;", &#x432;&#x43C;&#x435;&#x441;&#x442;&#x435; &#x441; &#x444;&#x435;&#x435;&#x439; &#x422;&#x443;&#x430;&#x432;&#x430;-&#x41B;&#x438; &#x438; &#x442;&#x440;&#x43E;&#x43B;&#x43B;&#x435;&#x43C; &#x422;&#x43E;&#x43C;&#x442;&#x430;&#x440;&#x43E;&#x43C; &#x43E;&#x442;&#x43F;&#x440;&#x430;&#x432;&#x43B;&#x44F;&#x435;&#x442;&#x441;&#x44F; &#x432; &#x441;&#x430;&#x43C;&#x43E;&#x435; &#x441;&#x435;&#x440;&#x434;&#x446;&#x435; &#x417;&#x435;&#x43C;&#x43B;&#x438; &#x43D;&#x430; &#x43F;&#x43E;&#x438;&#x441;&#x43A;&#x438; &#x441;&#x43F;&#x430;&#x441;&#x438;&#x442;&#x435;&#x43B;&#x44C;&#x43D;&#x43E;&#x433;&#x43E; &#x441;&#x440;&#x435;&#x434;&#x441;&#x442;&#x432;&#x430;...</subfield>
  </datafield>
  <datafield tag="686" ind1=" " ind2=" ">
    <subfield code="a">06521</subfield>
    <subfield code="a">&#x417;&#x430;&#x440;&#x443;&#x431;&#x435;&#x436;&#x43D;&#x43E;&#x435; &#x444;&#x44D;&#x43D;&#x442;&#x435;&#x437;&#x438;</subfield>
    <subfield code="2">TCC-BG</subfield>
  </datafield>
  <datafield tag="686" ind1=" " ind2=" ">
    <subfield code="a">0724</subfield>
    <subfield code="a">&#x417;&#x430;&#x440;&#x443;&#x431;&#x435;&#x436;&#x43D;&#x430;&#x44F; &#x444;&#x430;&#x43D;&#x442;&#x430;&#x441;&#x442;&#x438;&#x43A;&#x430; &#x438; &#x442;&#x440;&#x438;&#x43B;&#x43B;&#x435;&#x440; &#x434;&#x43B;&#x44F; &#x434;&#x435;&#x442;&#x435;&#x439; &#x438; &#x44E;&#x43D;&#x43E;&#x448;&#x435;&#x441;&#x442;&#x432;&#x430;</subfield>
    <subfield code="2">TCC-BG</subfield>
  </datafield>
  <datafield tag="686" ind1=" " ind2=" ">
    <subfield code="a">84(7&#x421;&#x43E;&#x435;)-445</subfield>
    <subfield code="v">LBC/PL</subfield>
    <subfield code="2">rubbk</subfield>
  </datafield>
  <datafield tag="686" ind1=" " ind2=" ">
    <subfield code="a">&#x428;9(7&#x421;&#x428;&#x410;)62-4</subfield>
  </datafield>
  <datafield tag="700" ind1=" " ind2="1">
    <subfield code="4">070</subfield>
    <subfield code="7">ca</subfield>
    <subfield code="8">rus</subfield>
    <subfield code="a">&#x41A;&#x438;&#x440;&#x43A;</subfield>
    <subfield code="b">&#x414;.</subfield>
    <subfield code="f">1952-</subfield>
    <subfield code="g">&#x414;&#x44D;&#x43D;&#x438;&#x435;&#x43B;</subfield>
    <subfield code="9">257091</subfield>
    <subfield code="3">RU\NLR\AUTH\770257147</subfield>
  </datafield>
  <datafield tag="801" ind1=" " ind2="0">
    <subfield code="a">RU</subfield>
    <subfield code="b">&#x41B;&#x418;&#x411;&#x41D;&#x415;&#x422;</subfield>
    <subfield code="c">20090423</subfield>
  </datafield>
  <datafield tag="801" ind1=" " ind2="1">
    <subfield code="a">RU</subfield>
    <subfield code="b">&#x426;&#x423;&#x41D;&#x411; &#x41C;&#x43E;&#x441;&#x43A;&#x432;&#x430;</subfield>
    <subfield code="c">20090430</subfield>
    <subfield code="2">rusmarc</subfield>
  </datafield>
  <datafield tag="801" ind1=" " ind2="2">
    <subfield code="a">RU</subfield>
    <subfield code="b">NLR</subfield>
    <subfield code="c">20090626</subfield>
    <subfield code="g">rcr</subfield>
  </datafield>
  <datafield tag="830" ind1=" " ind2=" ">
    <subfield code="a">CODE_OF_LIBNET\000027299</subfield>
  </datafield>
  <datafield tag="942" ind1=" " ind2=" ">
    <subfield code="c">BOOK</subfield>
  </datafield>
  <datafield tag="980" ind1=" " ind2=" ">
    <subfield code="a">NB</subfield>
  </datafield>
  <datafield tag="995" ind1=" " ind2=" ">
    <subfield code="5">2009-06-26</subfield>
    <subfield code="a">ad</subfield>
    <subfield code="b">NLR01</subfield>
    <subfield code="c">NLR01</subfield>
    <subfield code="e">RF9</subfield>
    <subfield code="f">2950815</subfield>
    <subfield code="k">2009-3/21051</subfield>
    <subfield code="o">0</subfield>
    <subfield code="r">BOOK</subfield>
    <subfield code="s">2009321051_</subfield>
  </datafield>
  <datafield tag="995" ind1=" " ind2=" ">
    <subfield code="5">2009-06-26</subfield>
    <subfield code="a">ad</subfield>
    <subfield code="b">NLR01</subfield>
    <subfield code="c">NLR01</subfield>
    <subfield code="e">RF9</subfield>
    <subfield code="f">2950816</subfield>
    <subfield code="k">2009-3/21051</subfield>
    <subfield code="o">0</subfield>
    <subfield code="r">BOOK</subfield>
    <subfield code="s">2009321051_</subfield>
  </datafield>
</record>
